00468 2200205 4500001002100000005001500021035002000036008004100056245002600097100000900123250000600132260003800138300001200176084001400188082000800202650001000210520001800220990001200238990001200250INLIS00000000000085520240607075507 a0010-0524000090240607 1 ind 1 aTeroris Cinta /cNeno aNeno a1 aYogyakarta :bSheila/ Andi,c2008 a280 hlm a813 NEN t a813 4aFiksi aTeroris Cinta a0741310 a0741311